000 00676nmm a2200277 a 4500
003 AR-BaBNM
005 20251128211601.0
008 144120s1997 ||||||||||||||000 | spa||
020 _a987-96301-9-X
040 _cAR-BaBNM
100 1 _aLaguna, Juan
245 1 0 _aSabiduría criolla
250 _a1ª ed.
260 _aBuenos Aires
_bAmeghino Editora
_c1997
300 _a142 p.
650 4 _aLITERATURA FOLKLORICA
650 4 _aFOLKLORE
650 4 _aCOSTUMBRES Y TRADICIONES
650 4 _aTRADICION ORAL
650 4 _aVOCABULARIO
651 4 _aArgentina
655 _aREFERENCIA
700 1 _aSaltzmann, Julia
_eeditor
942 _cBK
998 _cmartin
999 _c20301
_d20301